000 00814nam a22002417a 4500
005 20251108173636.0
008 250721s2007 xx 000 0 ara d
082 1 4 _a210.41336/فهم
100 1 _aفهمي، محمد عبد الباقي
_eمؤلف
245 1 0 _aاليد في ضوء القرآن و السنة و الضمير الإنساني : عجائب و أسرار /
264 1 _aدمشق :
_bدار صفحات للنشر و التوزيع،
_c2007.
300 _a95 ص.
650 1 7 _aالقرآن الكريم
650 1 7 _aالإسلام
650 1 7 _aاليدان
650 1 7 _aقراءة الكف
650 1 7 _aبصمات الاصابع
650 1 7 _aالجسم (فلسفة)
650 1 7 _aالأرقام
650 1 7 _aالتحليل النفسي
942 _2ddc
_cBK
999 _c108848
_d108848